00950nam a2200265 a 450000100060000000300080000600500170001400800410003102000150007202000150008703500190010204000320012104100080015304200080016108200260016910000300019524500990022525000120032426001070033630000730044350000610051650400530057765000240063070000300065475851BD-RjUL20211209082744.0190728r20062001ii a b 001 0 eng  a0130183288 a8120321340 a(BD-RjUL)76070 aDLCcDLCdDLCdBD-RjULbeng aeng apcc00221a658.404bNIP 20061 aNicholas, John M.,d1945-10aProject management for business and technology :bprinciples and practice /cJohn M. Nicholas. a2nd ed. aUpper Saddle River, N.J. ;aNew DelhibPrentice Hall;bPrentice Hall of India,cc2001, [Printing 2006] axix, 603 p. :bill. ;c26 cm. +e1 computer optical disc (4 3/4 in.) aRev. ed. of: Managing business and engineering projects. aIncludes bibliographical references and indexes. 0aProject management.1 aNicholas, John M.,d1945-